000
nam a22 7a 4500
999
_c
234165
_d
234165
003
Nust
005
20170314165211.0
008
170314b xxu||||| |||| 00| 0 eng d
020
_a
978-81-7622-192-4
040
_c
ASAB
082
_a
632 MAL
245
_a
biotechnology management
_c
Sangita Malvee
300
_a
190 P
942
_2
ddc
_c
BK